Restoring mental health in India : (Record no. 37187)

MARC details
000 -LEADER
fixed length control field 00848nam a22002177a 4500
005 - DATE AND TIME OF LATEST TRANSACTION
control field 20100722120539.0
010 ## - LCCN (DPL NO)
LC control number ENG-96440
020 ## - INTERNATIONAL STANDARD BOOK NUMBER
International Standard Book Number 0195698754
Terms of availability 795.00
020 ## - INTERNATIONAL STANDARD BOOK NUMBER
International Standard Book Number 9780195698756
Terms of availability 795.00
035 ## - SYSTEM CONTROL NUMBER
System control number EN-79973
037 ## - SOURCE OF ACQUISITION
Source of stock number/acquisition DBAD/PUB
082 ## - DEWEY DECIMAL CLASSIFICATION NUMBER
Classification number 616.8910954
245 ## - TITLE STATEMENT
Title Restoring mental health in India :
Remainder of title pluralistic therapies and concepts /
Statement of responsibility, etc edited by Brigitte Sebastia
260 ## - PUBLICATION, DISTRIBUTION, ETC. (IMPRINT)
Place of publication, distribution, etc New Delhi
Name of publisher, distributor, etc Oxford University Press
Date of publication, distribution, etc 2009
270 ## - ADDRESS
Address YMCA Library Building, Jai Singh Road
City New Delhi
Postal code 110001
300 ## - PHYSICAL DESCRIPTION
Extent viii, 318 p.
Dimensions 23cm.(Hb)
500 ## - GENERAL NOTE
General note Includes index
700 ## - ADDED ENTRY--PERSONAL NAME
Personal name Sebastia, Brigitte
9 (RLIN) 667
942 ## - ADDED ENTRY ELEMENTS (KOHA)
Source of classification or shelving scheme Dewey Decimal Classification
Item type English Books
Call number suffix RES
Classification part 616.8910954
Holdings
Withdrawn status Lost status Not for loan Collection code Home library Current library Date acquired Source of acquisition Cost, normal purchase price Full call number Barcode Copy number Cost, replacement price Koha item type
    Not For Loan Non-fiction D.B.Act.Division D.B.Act.Division 22/07/2010 DBAD/PUB 795.00 616.8910954 RES EN-79973 1 795.00 English Books

© Delhi Public Library
Hit Counter
free hit counter